| 000 | 00552nam a2200193 a 4500 | ||
|---|---|---|---|
| 001 | 1706 | ||
| 003 | CDMR | ||
| 005 | 20131209175643.0 | ||
| 008 | 130130s1965||||||||||||||||||||||||||||d | ||
| 040 |
_aCDMR _bcat _cCDMR |
||
| 100 | 1 |
_aMorin, Edgar _9542 |
|
| 245 | 1 | 0 |
_aIntroduction à une politique de l'homme _b: suivi de "Arguments politiques" _cEdgar Morin |
| 260 |
_aParis _c1965 _bDu Seuil |
||
| 300 | _a322 p. | ||
| 490 | 0 | _aL'Histoire Immédiate | |
| 650 | 0 | 4 |
_94485 _aCivilització moderna |
| 650 | 0 | 4 |
_94487 _aCiències polítiques |
| 942 |
_cMON _2udc |
||
| 999 |
_c1706 _d1706 |
||